[Event "PNWCC Masters 2020"]
[Site "chess.com INT"]
[Date "2020.05.23"]
[Round "3.5"]
[White "Yoo, Christopher Woojin"]
[Black "Fedoseev, Vladimir3"]
[Result "0-1"]
[WhiteTitle "IM"]
[BlackTitle "GM"]
[WhiteElo "2455"]
[BlackElo "2678"]
[WhiteFideId "30909694"]
[BlackFideId "24130737"]
[EventDate "2020.05.23"]

1. e4 c5 2. Nf3 d6 3. d4 cxd4 4. Nxd4 Nf6 5. Nc3 a6 6. Bg5 Nbd7 7. Qe2 h6 8. Bh4
g6 9. f4 e5 10. fxe5 dxe5 11. O-O-O Qc7 12. Nb3 b5 13. Rxd7 Nxd7 14. Nd5 Qd6 15.
Na5 g5 16. Be1 Nb6 17. Bb4 Qg6 18. Qd2 Nxd5 19. Qxd5 Bxb4 20. Qxe5+ Qe6 21.
Qxh8+ Ke7 22. Nb3 Bb7 23. Qg7 Bxe4 24. Qd4 Bd6 25. Nc5 Bxc5 26. Qxc5+ Ke8 27.
Qe3 Rc8 28. c3 Kf8 29. h4 Re8 30. Bd3 Qxa2 31. Kc2 Qa4+ 32. Kb1 Bxg2 33. Qc5+
Kg8 34. Rg1 Be4 35. Bxe4 Qxe4+ 36. Ka1 Qxh4 37. c4 Qxc4 38. Rxg5+ hxg5 39. Qxg5+
Kf8 40. Qh6+ Ke7 41. Qe3+ Qe6 42. Qg5+ f6 43. Qg7+ Kd8 44. Qa7 Qd6 45. Qa8+ Ke7
46. Qh1 Rc8 47. Qh7+ Kd8 48. Qg8+ Kc7 49. Qg1 Kb7 50. Qh1+ Qc6 51. Qh7+ Rc7 52.
Qh8 Qd5 53. Qh6 f5 54. Qg5 Qe4 55. Ka2 f4 56. Qh6 f3 57. Qf8 Qd5+ 58. Ka1 Rc1# 0-1

[Event "PNWCC Masters 2020"]
[Site "chess.com INT"]
[Date "2020.05.23"]
[Round "3.6"]
[White "Guseinov, Gadir"]
[Black "He, Anthony"]
[Result "1-0"]
[WhiteTitle "GM"]
[BlackTitle "FM"]
[WhiteElo "2665"]
[BlackElo "2337"]
[WhiteFideId "13401378"]
[BlackFideId "2088215"]
[EventDate "2020.05.23"]

1. e4 c5 2. Nc3 e6 3. Nf3 Nc6 4. d4 cxd4 5. Nxd4 Qc7 6. Be3 a6 7. Qd2 Nf6 8. f4
Bb4 9. Bd3 Na5 10. a3 Bxc3 11. Qxc3 Qxc3+ 12. bxc3 d5 13. exd5 Nxd5 14. Bd2 Nb6
15. Rb1 Nbc4 16. Rb4 Nxd2 17. Kxd2 Bd7 18. Be4 O-O-O 19. Rhb1 g5 20. Bxb7+ Nxb7
21. Rxb7 gxf4 22. Ke1 Rhg8 23. Kf2 e5 24. Nf3 e4 25. Nd4 Rg5 26. Rb8+ Kc7 27.
R1b7+ Kd6 28. Rxd8 e3+ 29. Kf3 1-0

[Event "PNWCC Masters 2020"]
[Site "chess.com INT"]
[Date "2020.05.23"]
[Round "3.7"]
[White "Tanenbaum, Zachary"]
[Black "Fridman, Daniel"]
[Result "1-0"]
[BlackTitle "GM"]
[WhiteElo "2137"]
[BlackElo "2615"]
[WhiteFideId "2060850"]
[BlackFideId "11600454"]
[EventDate "2020.05.23"]

1. e4 e6 2. d4 d5 3. Nc3 Nf6 4. Bg5 Bb4 5. e5 h6 6. Bd2 Bxc3 7. bxc3 Ne4 8. Qg4
Kf8 9. Bd3 Nxd2 10. Kxd2 c5 11. h4 Nc6 12. Nf3 c4 13. Be2 b5 14. Rhb1 Rb8 15.
Qf4 a5 16. a3 Qe7 17. h5 Ke8 18. g4 Kd7 19. Qe3 Ba6 20. Ne1 Rb6 21. f4 Rhb8 22.
Nf3 Ke8 23. g5 b4 24. axb4 axb4 25. cxb4 Nxb4 26. Qc3 Bc8 27. gxh6 gxh6 28. Rg1
Kd7 29. Nh2 Ra6 30. Rxa6 Bxa6 31. Ng4 Kc6 32. Qa3 Kc7 33. Rb1 Kd8 34. Qa5+ Qc7
35. Qxc7+ Kxc7 36. c3 Nc6 37. Rxb8 Kxb8 38. Nxh6 Nd8 39. Ng8 f5 40. exf6 Bb5 41.
h6 Nf7 42. Bh5 Nh8 43. f7 1-0

[Event "PNWCC Masters 2020"]
[Site "chess.com INT"]
[Date "2020.05.23"]
[Round "3.8"]
[White "Chigaev, Maksim"]
[Black "Zhou, Liran"]
[Result "1-0"]
[WhiteTitle "GM"]
[BlackTitle "FM"]
[WhiteElo "2588"]
[BlackElo "2351"]
[WhiteFideId "4108116"]
[BlackFideId "30931967"]
[EventDate "2020.05.23"]

1. e4 c5 2. Nf3 d6 3. Nc3 Nf6 4. e5 dxe5 5. Nxe5 Nbd7 6. d4 cxd4 7. Qxd4 e6 8.
Bf4 Bc5 9. Qc4 O-O 10. Nd3 Bb6 11. O-O-O Qe7 12. Kb1 a6 13. Be2 Nd5 14. Bg3
Nxc3+ 15. Qxc3 Nf6 16. Bf3 Nd5 17. Qb3 Bc7 18. Rhe1 Bxg3 19. hxg3 Nf6 20. Qb6
Nd7 21. Qc7 Qf6 22. a4 h6 23. a5 Qg5 24. Re3 Qb5 25. Ne5 Nxe5 26. Rxe5 Qb4 27.
Qc5 Qxc5 28. Rxc5 Rb8 29. Rd6 Re8 30. Rc7 e5 31. Bd5 Be6 32. Rxb7 Bxd5 33. Rxb8
Rxb8 34. Rxd5 f6 35. Rd6 Ra8 36. b4 Kf7 37. Kb2 Ke7 38. Rb6 Ra7 39. Kb3 h5 40.
c4 g5 41. c5 e4 42. Kc4 g4 43. Kd5 h4 44. gxh4 f5 45. g3 Rd7+ 46. Ke5 Rd2 47.
Kxf5 Rxf2+ 48. Kxe4 1-0

[Event "PNWCC Masters 2020"]
[Site "chess.com INT"]
[Date "2020.05.23"]
[Round "3.9"]
[White "Chasin, Nico"]
[Black "Shabalov, Alexander"]
[Result "1/2-1/2"]
[WhiteTitle "FM"]
[BlackTitle "GM"]
[WhiteElo "2303"]
[BlackElo "2528"]
[WhiteFideId "30908477"]
[BlackFideId "2008572"]
[EventDate "2020.05.23"]

1. d4 d5 2. c4 c6 3. Nc3 Nf6 4. Bg5 dxc4 5. a4 a6 6. e3 b5 7. axb5 cxb5 8. Bxf6
exf6 9. Nxb5 axb5 10. Rxa8 Bb7 11. Ra1 Bb4+ 12. Ke2 O-O 13. f3 Nc6 14. Kf2 Re8
15. b3 Qe7 16. Qc1 cxb3 17. Rb1 Nxd4 18. Ne2 Nc2 19. Rxb3 Nxe3 20. Nd4 Bc5 21.
Bxb5 Rd8 22. Re1 Bxd4 23. Rexe3 f5 24. Kf1 Bxe3 25. Qxe3 Qc7 26. Rd3 Ra8 27. Rd7
Qc2 28. Qd4 Re8 29. Qe5 Qc8 30. Re7 Rxe7 31. Qxe7 Ba6 32. Bxa6 Qxa6+ 33. Kf2 g6
34. Kg3 Kg7 35. h4 Qf6 36. Qc7 Qe6 37. Qf4 h6 38. Qd4+ Qf6 39. Qd5 Qc3 40. Kh2
Qc7+ 41. Kh3 Kf6 42. Qd4+ Qe5 43. Qd8+ Kg7 44. Qd3 f4 45. Kh2 h5 46. Qd2 Kh7 47.
Qf2 Qe7 48. Kh3 Qe3 49. Qf1 Kg8 50. Kh2 Kf8 51. Kh3 Ke7 52. Kh2 Kd6 53. Qa6+ Ke5
54. Qb5+ Kf6 55. Qa6+ Kg7 56. Qa1+ Kh7 57. Qf1 Qe7 58. Qf2 Kh6 59. Kh3 f6 60.
Qd2 g5 61. hxg5+ fxg5 62. Qd5 Qf6 63. Qg8 Qf5+ 64. Kh2 g4 65. Qh8+ Kg5 66. Qg7+
Kh4 67. fxg4 Qxg4 68. Qf6+ Qg5 69. Qxg5+ Kxg5 70. Kh3 h4 71. Kh2 Kg4 72. Kg1 Kg3
73. Kf1 Kg4 74. Kg1 h3 75. gxh3+ Kxh3 76. Kf2 f3 77. Kxf3 1/2-1/2

[Event "PNWCC Masters 2020"]
[Site "chess.com INT"]
[Date "2020.05.23"]
[Round "3.10"]
[White "Bosiocic, Marin"]
[Black "Park, Evan"]
[Result "1-0"]
[WhiteTitle "GM"]
[WhiteElo "2625"]
[BlackElo "2146"]
[WhiteFideId "14507927"]
[BlackFideId "30931142"]
[EventDate "2020.05.23"]

1. d4 Nf6 2. Bg5 d5 3. e3 e6 4. c3 Be7 5. Bxf6 Bxf6 6. f4 b6 7. Nf3 Bb7 8. Bd3
Nd7 9. Nbd2 g6 10. h4 h5 11. Qa4 a6 12. e4 b5 13. Qc2 dxe4 14. Nxe4 Bg7 15. Ne5
Nxe5 16. fxe5 Qe7 17. O-O-O Bd5 18. Kb1 Rb8 19. Rdf1 Rf8 20. Nc5 Rb6 21. Rf2 Kd8
22. Rhf1 Rc6 23. b4 Kc8 24. a4 Rb6 25. a5 Rc6 26. g3 Rxc5 27. bxc5 c6 28. Ka1
Bh6 29. Kb1 Qc7 30. Bxg6 Qxa5 31. Bxf7 Rd8 32. Rf6 Qa3 33. Rxh6 Be4 34. Bxe6+
Kb8 35. Qxe4 1-0

[Event "PNWCC Masters 2020"]
[Site "chess.com INT"]
[Date "2020.05.23"]
[Round "3.11"]
[White "Tang, Andrew"]
[Black "Costello, Alexander"]
[Result "1-0"]
[WhiteTitle "GM"]
[BlackTitle "IM"]
[WhiteElo "2538"]
[BlackElo "2258"]
[WhiteFideId "2059630"]
[BlackFideId "2099659"]
[EventDate "2020.05.23"]

1. d4 Nf6 2. c4 g6 3. f3 e6 4. e4 d5 5. cxd5 exd5 6. Nc3 c6 7. Bg5 Be7 8. Bh6
Be6 9. e5 Nfd7 10. f4 c5 11. Nf3 Nc6 12. Be2 Qb6 13. a3 O-O-O 14. O-O Kb8 15.
Rc1 c4 16. b4 cxb3 17. Na4 Qa5 18. Qxb3 Nb6 19. Bb5 Nxa4 20. Bxa4 Qb6 21. Qd1
Na5 22. Rb1 Qc7 23. Bg5 Nc4 24. Bxe7 Qxe7 25. Bc6 b6 26. Rb4 Qc7 27. Qa4 Bd7 28.
Bb5 Bxb5 29. Rxb5 Ne3 30. Rfb1 Rc8 31. Qa6 Nc4 32. Rxd5 Qc6 33. Rc5 Qe4 34. Re1
Qd3 35. Rd5 Nb2 36. Rb5 Rc2 37. a4 Rhc8 38. a5 Rc1 39. Kf2 Rxe1 40. axb6 Ra1 41.
bxa7+ Kc7 42. Qd6# 1-0

[Event "PNWCC Masters 2020"]
[Site "chess.com INT"]
[Date "2020.05.23"]
[Round "3.12"]
[White "Chen, Ryo"]
[Black "Murzin, Volodar"]
[Result "1/2-1/2"]
[BlackTitle "IM"]
[WhiteElo "2085"]
[BlackElo "2465"]
[WhiteFideId "7003072"]
[BlackFideId "44155573"]
[EventDate "2020.05.23"]

1. e4 g6 2. d4 Bg7 3. Nf3 d6 4. Nc3 Nf6 5. Be2 O-O 6. O-O Na6 7. h3 c5 8. Bxa6
cxd4 9. Nxd4 bxa6 10. Be3 Bb7 11. f3 Qc7 12. Qd2 Rfc8 13. Rfd1 Rab8 14. Nde2 Ba8
15. Rab1 Nd7 16. Bd4 Ne5 17. b3 Nd7 18. Bxg7 Kxg7 19. Qd4+ Nf6 20. Rbc1 Kg8 21.
Nd5 Nxd5 22. exd5 a5 23. Rd3 Qc5 24. Qxc5 Rxc5 25. c4 a4 26. Re1 Kf8 27. Nd4 a6
28. Rde3 Rc7 29. f4 Rb4 30. Nc2 Rb6 31. Nd4 Rb4 32. Nc2 Rb8 33. Nd4 a5 34. Nb5
Rd7 35. bxa4 Rc8 36. Na3 Rb7 37. Rb3 Ke8 38. Reb1 Ra7 39. Rb6 Kd7 40. Kf2 h5 41.
Ke3 Bxd5 42. Nb5 Rb7 43. Nxd6 Rxb6 44. Rxb6 exd6 45. cxd5 Rc4 46. Rb7+ Ke8 47.
Rb8+ Ke7 48. Rb7+ Kf8 49. Rd7 Rxa4 50. Rxd6 Rxa2 51. g3 Ra3+ 52. Kf2 Rd3 53. Ra6
Rxd5 54. Ra7 Kg7 55. Kf3 Kf6 56. g4 Rb5 57. Kg3 hxg4 58. hxg4 Rb3+ 59. Kh4 Ra3
60. Ra6+ Kg7 61. Ra7 Ra1 62. Kg5 a4 63. f5 gxf5 64. gxf5 a3 65. f6+ Kg8 66. Kh6
Rh1+ 67. Kg5 Rh3 68. Ra8+ Kh7 69. Ra7 Rg3+ 70. Kf4 Rb3 71. Rxf7+ Kg6 72. Ra7
Kxf6 73. Ke4 Ke6 74. Kd4 Kd6 75. Kc4 Rh3 76. Kb4 Kc6 77. Rxa3 Rxa3 78. Kxa3 1/2-1/2

[Event "PNWCC Masters 2020"]
[Site "chess.com INT"]
[Date "2020.05.23"]
[Round "3.13"]
[White "Tarjan, James"]
[Black "Bian, Erin"]
[Result "1-0"]
[WhiteTitle "GM"]
[WhiteElo "2381"]
[BlackElo "1485"]
[WhiteFideId "2000180"]
[BlackFideId "30966043"]
[EventDate "2020.05.23"]

1. c4 e5 2. g3 Nf6 3. Nc3 c6 4. Nf3 e4 5. Nd4 d5 6. cxd5 cxd5 7. Bg2 Nc6 8. Nxc6
bxc6 9. d3 exd3 10. Qxd3 Bb4 11. O-O O-O 12. b3 Re8 13. Bb2 Bg4 14. Bf3 Bxf3 15.
Qxf3 Qe7 16. e3 Ba3 17. Bxa3 Qxa3 18. Rfc1 Qd6 19. Rc2 Nd7 20. Rd1 Ne5 21. Qf4
Rab8 22. Kg2 Rb4 23. Rd4 Rxd4 24. exd4 Qg6 25. Re2 f6 26. dxe5 Qd3 27. Re3 fxe5
28. Qxe5 Rxe5 29. Rxd3 g5 30. Re3 Rxe3 31. fxe3 Kf7 32. Kf3 h5 33. h4 gxh4 34.
gxh4 Ke6 35. Kf4 Kf6 36. b4 a6 37. Na4 Ke6 38. Nc5+ Kd6 39. Nxa6 d4 40. exd4 Kd5
41. Nb8 Kxd4 42. Nxc6+ Kc4 43. a4 Kd5 44. Ne5 Kd6 45. a5 Kc7 46. b5 Kb7 47. Kg5
Ka7 48. Kxh5 Kb7 49. Kg6 Ka7 50. h5 Kb7 51. h6 Ka7 52. h7 Kb7 53. h8=R Ka7 54.
Rh7+ Ka8 55. b6 Kb8 56. Nc6+ Kc8 57. Rc7# 1-0

[Event "PNWCC Masters 2020"]
[Site "chess.com INT"]
[Date "2020.05.23"]
[Round "3.14"]
[White "Beatrez, Patrick"]
[Black "Sarkar, Justin"]
[Result "1/2-1/2"]
[BlackTitle "IM"]
[WhiteElo "1879"]
[BlackElo "2380"]
[WhiteFideId "30937167"]
[BlackFideId "2010011"]
[EventDate "2020.05.23"]

1. e4 e5 2. Nf3 Nc6 3. Bc4 Bc5 4. b4 Bxb4 5. c3 Ba5 6. d4 d6 7. Qb3 Qd7 8. dxe5
Bb6 9. Nbd2 Na5 10. Qc2 Ne7 11. Bxf7+ Kxf7 12. e6+ Kxe6 13. Ng5+ Kf6 14. e5+
dxe5 15. Nde4+ Kg6 16. h4 h5 17. f3 Rd8 18. Nc5+ Qf5 19. Nce4 Qd7 20. Nc5+ Qf5
21. Nce4 Qd7 1/2-1/2

[Event "PNWCC Masters 2020"]
[Site "chess.com INT"]
[Date "2020.05.23"]
[Round "3.16"]
[White "Yan, Ruiyang"]
[Black "Melkumyan, Hrant"]
[Result "0-1"]
[WhiteTitle "WCM"]
[BlackTitle "GM"]
[WhiteElo "2093"]
[BlackElo "2663"]
[WhiteFideId "30919860"]
[BlackFideId "13302485"]
[EventDate "2020.05.23"]

1. e4 c6 2. d4 d5 3. e5 Bf5 4. Nd2 e6 5. Nb3 Nd7 6. Nf3 Ne7 7. Be2 Bg6 8. O-O
Nf5 9. a4 a6 10. c3 c5 11. dxc5 Nxc5 12. Nbd4 Be7 13. Re1 O-O 14. Bd2 Rc8 15. h3
Nxd4 16. Nxd4 Qb6 17. Bc1 Ne4 18. a5 Qc7 19. Bd3 Nc5 20. Bxg6 hxg6 21. Qe2 Ne4
22. f3 Ng3 23. Qf2 Nf5 24. Nxf5 gxf5 25. f4 Qd7 26. Be3 Rc4 27. Bd4 Rfc8 28. b3
R4c7 29. b4 Rc4 30. g4 Rxc3 31. Bxc3 Rxc3 32. gxf5 exf5 33. Kh2 Bxb4 34. Red1
Qc6 35. Ra2 Qh6 36. h4 Bc5 37. Qe1 Qxf4+ 38. Kh1 Rh3+ 39. Kg2 Qf3# 0-1

[Event "PNWCC Masters 2020"]
[Site "chess.com INT"]
[Date "2020.05.23"]
[Round "3.17"]
[White "Eidelman, Gabriel"]
[Black "Grabinsky, Aaron"]
[Result "0-1"]
[BlackTitle "IM"]
[WhiteElo "1988"]
[BlackElo "2461"]
[WhiteFideId "30910544"]
[BlackFideId "2087090"]
[EventDate "2020.05.23"]

1. d4 e6 2. c4 Bb4+ 3. Nc3 c5 4. d5 d6 5. Bd2 Nf6 6. g3 exd5 7. cxd5 O-O 8. Bg2
Re8 9. a3 Bxc3 10. Bxc3 Ne4 11. e3 Nd7 12. Ne2 Nxc3 13. Nxc3 Ne5 14. O-O b6 15.
Qe2 a6 16. a4 Bg4 17. f3 Bd7 18. f4 Ng4 19. e4 Qf6 20. Rad1 b5 21. h3 b4 22.
hxg4 bxc3 23. g5 Qd8 24. bxc3 Bxa4 25. Ra1 Bb5 26. c4 Bd7 27. Qh5 a5 28. f5 f6
29. g6 h6 30. g4 Rf8 31. Qh2 Qe7 32. Rfb1 Rfd8 33. Rb7 Qf8 34. Qg3 a4 35. Qa3
Be8 36. Rab1 Rd7 37. Rxd7 Bxd7 38. Rb7 Qc8 39. Rb2 Rb8 40. Bf1 Rb7 41. Bd3 Qb8
42. Rxb7 Qxb7 43. Bc2 Qb4 44. Qd3 a3 45. Qb3 Ba4 46. Qa2 Qe1+ 47. Kg2 Qd2+ 48.
Kg3 Qc3+ 49. Kh4 Bxc2 50. g5 hxg5+ 51. Kg4 Bd1+ 0-1

[Event "PNWCC Masters 2020"]
[Site "chess.com INT"]
[Date "2020.05.23"]
[Round "3.18"]
[White "Zheng, Michael"]
[Black "Nguyen, Duc Hoa"]
[Result "1/2-1/2"]
[BlackTitle "GM"]
[WhiteElo "2050"]
[BlackElo "2406"]
[WhiteFideId "30930308"]
[BlackFideId "12401358"]
[EventDate "2020.05.23"]

1. e4 c5 2. Nf3 e6 3. d4 cxd4 4. Nxd4 Nc6 5. Nc3 Qc7 6. Be3 a6 7. Qf3 Ne5 8. Qg3
h5 9. O-O-O h4 10. Qh3 b5 11. f4 Nc4 12. Bxc4 Qxc4 13. Kb1 Bb7 14. Nb3 b4 15.
Rd4 Qc6 16. Ne2 a5 17. Rhd1 a4 18. Nbc1 Nf6 19. e5 Nd5 20. Rxd5 exd5 21. Nd4 Qa6
22. f5 b3 23. cxb3 Bc5 24. e6 dxe6 25. fxe6 O-O 26. exf7+ Rxf7 27. Qxh4 axb3 28.
a3 Qg6+ 29. Ka1 Bxd4 30. Bxd4 Qc2 31. Qg4 Rc8 32. Be3 d4 33. Qxd4 Be4 34. Na2
Bd3 35. Rc1 Rf1 36. Qd5+ Kh8 37. Qh5+ Bh7 38. Rxf1 bxa2 39. Qd1 Qe4 40. Bf4 Bg6
41. Kxa2 Bf7+ 42. Ka1 Qe6 43. Qb1 Rc2 44. Re1 Qd5 45. Re8+ Bxe8 46. Qxc2 Bf7 47.
Qb1 Qxg2 48. Qd1 Kh7 49. Qb1+ Bg6 50. Qd1 Qe4 51. Bg3 Qc4 52. Qe1 Bf7 53. Qb1+
Kg8 54. Bb8 1/2-1/2

[Event "PNWCC Masters 2020"]
[Site "chess.com INT"]
[Date "2020.05.23"]
[Round "3.19"]
[White "Woodward, Andy"]
[Black "Leiva, Giuseppe"]
[Result "0-1"]
[BlackTitle "IM"]
[WhiteElo "1856"]
[BlackElo "2391"]
[WhiteFideId "30953499"]
[BlackFideId "3804399"]
[EventDate "2020.05.23"]

1. d4 Nf6 2. c4 e6 3. Nc3 Bb4 4. Qc2 d6 5. a3 Bxc3+ 6. Qxc3 O-O 7. f3 Nc6 8. e4
a5 9. Ne2 a4 10. Be3 Qe7 11. Bg5 h6 12. Be3 e5 13. d5 Na5 14. Nc1 b6 15. Be2 Nh5
16. g3 f5 17. exf5 Bxf5 18. g4 Bxg4 19. fxg4 Qh4+ 20. Kd1 Ng3 21. Bf2 Nxe2 22.
Bxh4 Nxc3+ 23. bxc3 Nxc4 24. Ke2 Rf4 25. h3 Raf8 26. Na2 Re4+ 27. Kd1 Re3 28.
Be1 Nxa3 29. Bd2 Rg3 30. Nc1 Nc4 31. Ra2 Rf2 32. Ne2 Rgg2 33. Bc1 b5 34. Ke1 a3
35. Rf1 Rxe2+ 36. Rxe2 a2 37. Bb2 Nxb2 38. Kd2 Nc4+ 39. Kd3 e4+ 40. Kd4 Rxe2 41.
g5 hxg5 42. h4 e3 43. hxg5 Rd2+ 44. Ke4 e2 45. Re1 Rd1 46. Rxe2 a1=Q 47. g6 Qb1+
48. Kf4 Rf1+ 49. Kg5 Qf5+ 50. Kh4 Qf4+ 51. Kh3 Qf3+ 52. Kh4 Rh1+ 53. Kg5 Rh5# 0-1

[Event "PNWCC Masters 2020"]
[Site "chess.com INT"]
[Date "2020.05.23"]
[Round "3.20"]
[White "Daggupati, Balaji"]
[Black "Wofford, Matthew"]
[Result "1-0"]
[WhiteTitle "FM"]
[WhiteElo "2331"]
[BlackElo "1995"]
[WhiteFideId "2090759"]
[BlackFideId "2095971"]
[EventDate "2020.05.23"]

1. e4 c5 2. Nf3 d6 3. d4 cxd4 4. Nxd4 Nf6 5. Nc3 a6 6. Qe2 e5 7. Nf5 Nc6 8. Bg5
Bxf5 9. exf5 Be7 10. O-O-O Nd4 11. Qd3 Rc8 12. Kb1 O-O 13. h3 b5 14. Be3 Nc6 15.
g4 Qa5 16. Bg2 Nb4 17. Qd2 d5 18. a3 d4 19. Ne2 dxe3 20. axb4 Qa4 21. fxe3 Bxb4
22. c3 Ba5 23. Qc2 Qc4 24. g5 Ne8 25. Bd5 Qc5 26. g6 Nf6 27. Bxf7+ Kh8 28. Be6
Rc7 29. Qd3 b4 30. c4 hxg6 31. fxg6 Rc6 32. Bf7 Bb6 33. e4 a5 34. Qg3 Qe3 35.
Qh4+ Qh6 36. Qxh6+ gxh6 37. Ng3 Rc7 38. Rhf1 Ne8 39. Rd8 Re7 40. Rxe8 Rfxe8 41.
Bxe8 Rxe8 42. Rf7 Bd4 43. Nf5 a4 44. Rh7+ Kg8 45. Nxh6+ Kf8 46. Rf7# 1-0

[Event "PNWCC Masters 2020"]
[Site "chess.com INT"]
[Date "2020.05.23"]
[Round "3.21"]
[White "Kumar, Naman"]
[Black "Kumar, Nikhil"]
[Result "1/2-1/2"]
[BlackTitle "FM"]
[WhiteElo "2115"]
[BlackElo "2328"]
[WhiteFideId "30908922"]
[BlackFideId "30909040"]
[EventDate "2020.05.23"]

1. d4 e6 2. c4 Nf6 3. g3 c5 4. Nf3 cxd4 5. Nxd4 Nc6 6. Bg2 Bc5 7. e3 O-O 8. O-O
d5 9. cxd5 exd5 10. Nc3 Nxd4 11. exd4 Bb6 12. Re1 Be6 13. Bg5 h6 14. Bxf6 Qxf6
15. Nxd5 Bxd5 16. Bxd5 Bxd4 17. Qf3 Qb6 18. Bxb7 Bxf2+ 19. Qxf2 Qxb7 20. Rac1
Rad8 21. Red1 a5 22. b3 Qe4 23. Qg2 Qe3+ 24. Qf2 Qe4 25. Qg2 Qb4 26. Qf3 Qa3 27.
Qf2 Rc8 28. Qd2 Rfe8 29. Rc2 Rxc2 30. Qxc2 Qb4 31. Qd2 Qe4 32. Qxa5 Ra8 33. Qc3
Rxa2 34. Rd8+ Kh7 35. Qd3 Ra1+ 36. Kf2 Ra2+ 37. Kg1 Qxd3 38. Rxd3 Rb2 39. Rd7 f5
40. Rd5 Kg6 41. Rd6+ Kf7 42. Rd7+ Kf6 43. Rd6+ Kg5 44. Rd7 g6 45. Rd3 h5 46. Rc3
Kg4 47. Rc4+ Kg5 48. h4+ Kf6 49. Rc6+ Kf7 50. Rc7+ Kf8 51. Rc6 Kg7 52. Rc7+ Kh6
53. Rc3 g5 54. Rc6+ Kg7 55. hxg5 Rxb3 56. Kg2 Rb4 57. Rh6 Rg4 58. Rxh5 Kg6 59.
Rh6+ Kxg5 60. Rh8 f4 61. Rg8+ Kf5 62. Rxg4 Kxg4 63. gxf4 Kxf4 1/2-1/2

[Event "PNWCC Masters 2020"]
[Site "chess.com INT"]
[Date "2020.05.23"]
[Round "3.22"]
[White "Wang, Jason"]
[Black "Li, Thomas"]
[Result "1-0"]
[WhiteTitle "FM"]
[WhiteElo "2312"]
[BlackElo "1822"]
[WhiteFideId "30908124"]
[BlackFideId "30957621"]
[EventDate "2020.05.23"]

1. d4 Nf6 2. c4 g6 3. Nc3 Bg7 4. e4 d6 5. Nf3 O-O 6. h3 c5 7. d5 e6 8. Bd3 exd5
9. exd5 Re8+ 10. Be3 a6 11. O-O Nbd7 12. Qd2 Nh5 13. Rfe1 Ne5 14. Be2 Nxf3+ 15.
Bxf3 Nf6 16. Bg5 Rxe1+ 17. Rxe1 Bf5 18. g4 Bd7 19. Qf4 h6 20. Bxh6 Bxh6 21. Qxh6
Qf8 22. Qf4 Kg7 23. g5 Ng8 24. Ne4 Re8 25. Re3 Bxh3 26. Qxd6 Qxd6 27. Nxd6 Rb8
28. Rb3 b6 29. Ne4 Bf5 30. Nxc5 Bc2 31. Nxa6 Bxb3 32. Nxb8 Bxa2 33. d6 Kf8 34.
d7 Ke7 35. Bg4 1-0

[Event "PNWCC Masters 2020"]
[Site "chess.com INT"]
[Date "2020.05.23"]
[Round "3.24"]
[White "Vivekananthan, Anish"]
[Black "Li, Jason"]
[Result "1-0"]
[WhiteTitle "FM"]
[WhiteElo "2239"]
[BlackElo "1843"]
[WhiteFideId "2090775"]
[BlackFideId "30909058"]
[EventDate "2020.05.23"]

1. Nf3 Nf6 2. c4 g6 3. g3 Bg7 4. Bg2 O-O 5. O-O d6 6. Nc3 c5 7. d3 Nc6 8. a3 Bd7
9. Rb1 a6 10. b4 cxb4 11. axb4 Rc8 12. b5 axb5 13. Nxb5 d5 14. cxd5 Nxd5 15. Bb2
Nc7 16. Bxg7 Kxg7 17. Qd2 Nxb5 18. Rxb5 Qc7 19. Qb2+ Kg8 20. Rxb7 Qd6 21. Nd2
Be6 22. Ne4 Qd4 23. Rc1 Qxb2 24. Rxb2 Nd4 25. Nc5 Bf5 26. e3 Ne6 27. d4 Nxc5 28.
dxc5 Rc7 29. h3 Rfc8 30. c6 e5 31. g4 Be6 32. f4 exf4 33. exf4 Kf8 34. Kh2 Ke7
35. Rb5 f6 36. Re1 Kd6 37. Rd1+ Ke7 38. Rd2 Rd8 39. Re2 Kf7 40. Rb7 Rc8 41. Re3
Bc4 42. Kg3 Be6 43. Bf3 f5 44. Kh4 fxg4 45. hxg4 Kf6 46. Ra3 h6 47. Ra5 Rf7 48.
f5 gxf5 49. gxf5 Bc4 50. Rc5 Ba6 51. Rb6 Bd3 52. c7+ Kg7 53. f6+ Kh7 54. Rbc6 1-0

[Event "PNWCC Masters 2020"]
[Site "chess.com INT"]
[Date "2020.05.23"]
[Round "3.25"]
[White "Nguyen, Thanh Thuy Tien"]
[Black "Morefield, Jason"]
[Result "1/2-1/2"]
[WhiteTitle "WIM"]
[BlackTitle "FM"]
[WhiteElo "1971"]
[BlackElo "2227"]
[WhiteFideId "12400998"]
[BlackFideId "30920825"]
[EventDate "2020.05.23"]

1. Nf3 Nf6 2. c4 b6 3. g3 Bb7 4. Bg2 g6 5. O-O Bg7 6. d4 O-O 7. b3 e6 8. Bb2 d5
9. Ne5 Nbd7 10. Nc3 c6 11. e4 dxe4 12. Nxe4 Nxe4 13. Bxe4 Nxe5 14. dxe5 Qc7 15.
f4 Rfd8 16. Qf3 Rd7 17. Rad1 Rad8 18. Rxd7 Rxd7 19. g4 a6 20. h4 b5 21. Bc3 b4
22. Be1 f5 23. exf6 Bxf6 24. f5 gxf5 25. gxf5 e5 26. c5 a5 27. Rf2 Rg7+ 28. Rg2
Rxg2+ 29. Qxg2+ Kh8 30. h5 Qe7 31. Bf2 Qd7 32. Qf3 Kg7 33. Bd3 Bg5 34. f6+ Kf8
35. Bc4 Bc8 36. Bg3 Qd4+ 37. Kh2 e4 38. Qxe4 Qxe4 39. Bd6+ Ke8 40. f7+ Kd7 41.
f8=Q Qh4+ 42. Kg2 Qg4+ 43. Bg3 Be7 44. Qh6 Qe4+ 45. Kh2 Bxc5 46. Qg7+ Be7 47.
Qf7 Bb7 48. Bf1 Qc2+ 49. Kg1 Qc5+ 50. Kh2 Qd5 51. Bh3+ Kd8 52. Be6 Qd2+ 53. Kh3
Qh6 54. Qg8+ Bf8 55. Qf7 Qxe6+ 56. Qxe6 Bc8 57. Qg4 Be7 58. Qxc8+ Kxc8 59. Kg4
Kd7 60. Kf5 c5 61. Ke4 Ke6 62. Bf2 Bd6 63. Be3 Bf8 64. Bf2 Be7 65. Be3 Kf6 66.
Kd5 Kf5 67. Kc6 c4 68. bxc4 a4 69. Bd4 Ke4 70. Bg7 Kd3 71. Kb5 b3 72. Kxa4 bxa2
73. Kb3 Bc5 74. Kxa2 Kxc4 75. Kb1 Kd3 76. Kc1 1/2-1/2

[Event "PNWCC Masters 2020"]
[Site "chess.com INT"]
[Date "2020.05.23"]
[Round "3.27"]
[White "Modi, Ethan"]
[Black "Easton, Jack"]
[Result "1/2-1/2"]
[WhiteElo "1786"]
[BlackElo "2175"]
[WhiteFideId "30960592"]
[BlackFideId "30900069"]
[EventDate "2020.05.23"]

1. d4 d5 2. c4 dxc4 3. Nf3 Nf6 4. e3 e6 5. Bxc4 a6 6. O-O b5 7. Be2 Bb7 8. a4 b4
9. Nbd2 c5 10. dxc5 Bxc5 11. Nb3 Nbd7 12. Nxc5 Nxc5 13. Bd2 Nd5 14. Rc1 Rc8 15.
Nd4 O-O 16. Nb3 Nxa4 17. Rxc8 Qxc8 18. Qa1 Nc5 19. Nxc5 Qxc5 20. Rc1 Qd6 21. Rd1
Qe5 22. Bf3 Rc8 23. Bxb4 Nxb4 1/2-1/2

[Event "PNWCC Masters 2020"]
[Site "chess.com INT"]
[Date "2020.05.23"]
[Round "3.28"]
[White "Ghazarian, Kirk"]
[Black "Vega, Isaac"]
[Result "1-0"]
[WhiteElo "2181"]
[BlackElo "1735"]
[WhiteFideId "30908604"]
[BlackFideId "30914035"]
[EventDate "2020.05.23"]

1. d4 Nf6 2. c4 g6 3. g3 Bg7 4. Bg2 O-O 5. Nc3 d6 6. Nf3 Nbd7 7. O-O e5 8. e4 c6
9. Be3 a6 10. h3 Re8 11. Qc2 b5 12. dxe5 Nxe5 13. Nxe5 dxe5 14. Rfd1 Qe7 15.
cxb5 axb5 16. a4 Bd7 17. a5 Ra6 18. Ne2 Nh5 19. Bc5 Qd8 20. g4 Nf4 21. Nxf4 exf4
22. Qd2 f3 23. Bxf3 Qf6 24. Qxd7 Raa8 25. Kg2 Red8 26. e5 Qg5 27. Qxd8+ Rxd8 28.
Rxd8+ Qxd8 29. a6 Qa8 30. a7 Bxe5 31. Ra6 Bxb2 32. Bxc6 1-0